Yo fuí confidente de Himmler (Record no. 86180)

MARC details
000 -LEADER
campo de control de longitud fija 00652nam a2200205 i 4500
001 - NÚMERO DE CONTROL
campo de control 86180
003 - IDENTIFICADOR DE NÚMERO DE CONTROL
campo de control ES-MaACL
005 - FECHA Y HORA DE LA ÚLTIMA TRANSACCIÓN
campo de control 20251001202946.0
007 - CAMPO FIJO DE DESCRIPCIÓN FÍSICA--INFORMACIÓN GENERAL
campo de control de longitud fija t|
008 - DATOS DE LONGITUD FIJA--INFORMACIÓN GENERAL
campo de control de longitud fija 041209s1967 sp ||||1| spa d
100 1# - ENTRADA PRINCIPAL--NOMBRE DE PERSONA
Nombre de persona Kersten, Félix.
9 (RLIN) 67944
245 10 - MENCIÓN DEL TÍTULO
Título Yo fuí confidente de Himmler
Resto del título : memorias /
Mención de responsabilidad, etc. Félix Kersten ; [traducción de Frans Vives, Juan G. de Luaces].
260 ## - PUBLICACIÓN, DISTRIBUCIÓN, ETC.
Lugar de publicación, distribución, etc. Barcelona :
Nombre del editor, distribuidor, etc. G.P.,
Fecha de publicación, distribución, etc. [1967]
300 ## - DESCRIPCIÓN FÍSICA
Extensión 506 p. ;
Dimensiones 18 cm.
600 17 - PUNTO DE ACCESO ADICIONAL DE MATERIA--NOMBRE DE PERSONA
Nombre de persona Himmler, Heinrich,
Fechas asociadas al nombre 1900-1945
Fuente del encabezamiento o término
9 (RLIN) 162648
700 1# - ENTRADA AGREGADA--NOMBRE PERSONAL
Nombre de persona Vives, Frans.
9 (RLIN) 115569
700 1# - ENTRADA AGREGADA--NOMBRE PERSONAL
Nombre de persona Luaces, Juan G. de.
9 (RLIN) 74483
852 ## - LOCALIZACIÓN
Ubicación ES-MaACL
Número de control de estantería C-33873
Sublocalización o colección R.64315
Holdings
Estatus retirado Estado de pérdida Estado de daño No para préstamo Biblioteca de origen Biblioteca actual Ubicación en estantería Fecha de adquisición Fuente de adquisición Total de préstamos Signatura topográfica completa Código de barras Visto por última vez Precio de reemplazo Tipo de ítem Koha
        Biblioteca del Ateneo de Madrid Biblioteca del Ateneo de Madrid Depósito 2 17/01/2008     C-33873 1090048 23/02/2023 23/02/2023 Libro impreso